| 000 | 00824nam a2200217Ia 4500 | ||
|---|---|---|---|
| 999 |
_c39435 _d39435 |
||
| 001 | 6026 | ||
| 003 | GE_BSU | ||
| 005 | 20190905114705.0 | ||
| 008 | 181216s1974||||ge |||||||||||||| ||geo|| | ||
| 040 | _cGE_BSU | ||
| 041 | _aGEO | ||
| 080 | _a821.353.1-31 ა-26 | ||
| 100 |
_aადამია, ალიო _93893 |
||
| 245 |
_aდიდი და პატარა ეკატერინე : _bრომანი / _cალიო ადამია ; რედ. ნ. ჩირაძე. |
||
| 264 |
_aთბილისი : _bნაკადული ; _c1974. |
||
| 300 |
_a501 გვ. ; _c22 სმ. |
||
| 653 | _aდიდი და პატარა ეკატერინე | ||
| 653 | _aრომანი | ||
| 700 |
_aჩირაძე, ნ. _eრედაქტორი _93898 |
||
| 942 |
_cBK _2udc |
||